Eclaircissements historiques sur mes négociations relatives aux affaires du Portugal depuis la mort du roi don Jean VI jusqu'à mon arrivée en France comme ministre près de cette cour / (Record no. 183960)
[ view plain ]
| 000 -LEADER | |
|---|---|
| campo de control de longitud fija | 00833nam a2200157 i 4500 |
| 001 - NÚMERO DE CONTROL | |
| campo de control | 183960 |
| 003 - IDENTIFICADOR DE NÚMERO DE CONTROL | |
| campo de control | ES-MaACL |
| 005 - FECHA Y HORA DE LA ÚLTIMA TRANSACCIÓN | |
| campo de control | 20251005063137.0 |
| 008 - DATOS DE LONGITUD FIJA--INFORMACIÓN GENERAL | |
| campo de control de longitud fija | 150102s1832 fr |||| | fre d |
| 100 1# - ENTRADA PRINCIPAL--NOMBRE DE PERSONA | |
| Nombre de persona | Rezende, Antonio Telles da Silva Caminha y Menezes, |
| Títulos y otros términos asociados al nombre | Marquis de |
| 9 (RLIN) | 156097 |
| 245 10 - MENCIÓN DEL TÍTULO | |
| Título | Eclaircissements historiques sur mes négociations relatives aux affaires du Portugal depuis la mort du roi don Jean VI jusqu'à mon arrivée en France comme ministre près de cette cour / |
| Mención de responsabilidad, etc. | Antonio Telles da Silva Caminha y Menezes, Marquis de Rezende. |
| 260 ## - PUBLICACIÓN, DISTRIBUCIÓN, ETC. | |
| Lugar de publicación, distribución, etc. | Paris : |
| Nombre del editor, distribuidor, etc. | [s.n.], |
| Fecha de publicación, distribución, etc. | 1832 ( |
| Fabricante | Impr. de Everat) |
| 651 #4 - PUNTO DE ACCESO ADICIONAL DE MATERIA--NOMBRE GEOGRÁFICO | |
| Nombre geográfico | Portugal- |
| Subdivisión general | Historia. |
| 9 (RLIN) | 6241 |
| 852 ## - LOCALIZACIÓN | |
| Ubicación | ES-MaACL |
| Número de control de estantería | T-181-F-4 |
| Nota libre | .- Enc. en un vol. facticio |
| -- | .- Donat. Angel Calderón de la Barca (Actas del Ateneo, junta 9 de abril de 1844) |
| Estatus retirado | Estado de pérdida | Estado de daño | No para préstamo | Colección | Biblioteca de origen | Biblioteca actual | Ubicación en estantería | Fecha de adquisición | Fuente de adquisición | Total de préstamos | Signatura topográfica completa | Código de barras | Visto por última vez | Precio de reemplazo | Tipo de ítem Koha |
|---|---|---|---|---|---|---|---|---|---|---|---|---|---|---|---|
| Colección de folletos | Biblioteca del Ateneo de Madrid | Biblioteca del Ateneo de Madrid | Depósito folletos | 02/01/2015 | T-181-F-4 | 1193442 | 23/02/2023 | 23/02/2023 | Folleto |
